000 01172nam a22002535i 4500
001 160657
003 ES-MaACL
005 20250709064103.0
008 041001e1857 xxk |||| | eng d
040 _aCAM
_bspa
_cCAM
080 _a929.7(410)
100 1 _aNicolas, Nicholas Harris,
_d1799-1848
_eaut
_9241233
245 1 4 _aThe historic peerage of England :
_bexhibiting, under alphabetical arrangement, the origin, descent and present state of every title of peerage which has existed in this country since the conquest... /
_cby Sir Harris Nicholas ; revised, corrected and continued to the present time... by William Courthope.
260 _aLondon :
_bJohn Murray,
_c1857
300 _aLXXVI, 610 páginas ;
_c23 cm.
530 _aDisponible en formato digital
650 4 _aTítulos nobiliarios-
_zGran Bretaña
_9136963
700 1 _aCourthope, William,
_d1808-1866
_9126624
_eclb
852 _aES-MaACL
_cSPP3
_jG-11512
_xTela
856 _uhttps://archive.org/details/historicpeerageo00nicouoft/page/n5/mode/2up
_yVersión en línea
_z(Internet Archive)
942 _2udc
_cMONANT
_n0
999 _c160657
_d160657